000 00340 a2200169 4500
001 169727
020 _a85-08-06325-3
040 _cMagnum
100 _aSabino, Fernando
240 1 0 _aMartini seco
_lpor
245 1 0 _aMartini seco
300 _a64
362 0 _a1997
440 1 _aÁtica
697 _aLITERATURA GERAL
942 _cBK
999 _c169727
_d169727